Quiz sur les villes de banlieue - Statistiques

Statistiques générales
  • Ce quiz a été pris 82 fois
  • Le résultat moyen est 9 sur 20
Statistiques - réponses
Indice Réponse % Correct
On y trouve le stade de France Saint-Denis
95%
Son célèbre château, construit pour Louis XIV, est inscrit à l'Unesco Versailles
77%
La palme d'or, récompense attribuée lors de son festival de cinéma, est une des plus prestigieuses au monde Cannes
73%
Le plus grand aéroport de Bordeaux y est installé Mérignac
70%
Ville de banlieue la plus peuplée de France Villeurbanne
70%
Elle accueillit le plus grand camp d'internement de France lors de la seconde guerre mondiale Drancy
62%
Elle est la capitale historique de la Provence Aix-en-Provence
61%
Ville balnéaire basque Biarritz
59%
Le siège d'Airbus s'y trouve, à proximité de l'aéroport principal de Toulouse Blagnac
55%
Les usines Peugeot y sont implantées depuis le début du XXème siècle, et y ont fondé le premier club de football professionnel de France Sochaux
54%
Petite ville de banlieue corse, on y trouve le stade du SC Bastia, lieu du drame éponyme de 1992 Furiani
50%
La Grande Arche, monument majeur du quartier d'affaire de la Défense, y est situé Puteaux
39%
Marcel Pagnol y est né, et une partie de son œuvre s'y déroule Aubagne
36%
Un musée d'art y est installé dans une ancienne piscine Roubaix
34%
Sous-préfecture francilienne dans laquelle fût construite un des premiers grands-ensembles, l'un des plus peuplés de France Sarcelles
28%
Son théâtre antique est un des mieux conservés au monde Orange
26%
Ville de Martinique, nommée d'après celui qui abolit l'esclavage en France Schoelcher
19%
Ses chantiers navals comptèrent parmi les plus importants du pays La Seyne-sur-Mer
14%
Rezé
12%
Ces deux villes comptent chacune une "cité radieuse", unité d'habitation révolutionnaire conçue par le Corbusier Firminy
4%
Aucun quiz correspondant
Distribution des résultats
% des personnes avec chaque résultat
Percentile par nombre de réponses
Votre historique - résultats
Vous n’avez pas pris ce quiz